[Event "ISL-chT2 1921"]
[Site "Reykjavik"]
[Date "2019.10.05"]
[Round "2.1"]
[White "Fridgeirsson, Dagur Andri"]
[Black "Thorhallsson, Simon"]
[Result "0-1"]
[WhiteElo "1952"]
[BlackElo "2190"]
[PlyCount "42"]
[EventDate "2019.10.04"]
[EventType "team-tourn"]
[EventRounds "7"]
[EventCountry "ISL"]
[SourceTitle "EXT 2024"]
[Source "ChessBase"]
[SourceDate "2023.10.10"]
[SourceVersion "1"]
[SourceVersionDate "2023.10.10"]
[SourceQuality "1"]
[WhiteTeam "Fjolnis II"]
[BlackTeam "Akureyri II"]
[WhiteTeamCountry "ISL"]
[BlackTeamCountry "ISL"]

1. d4 Nf6 2. c4 g6 3. Nc3 Bg7 4. e4 d6 5. Be2 0-0 6. Bg5 h6 7. Be3 c5 8. dxc5 Qa5 9. Qd2 dxc5 10. Bf3 Nc6 11. Bxh6 Rd8 12. Nd5 Bxh6 13. Qxa5 Nxa5 14. Nxe7+ Kg7 15. e5 Re8 16. Nxc8 Rxe5+ 17. Ne2 Rxc8 18. 0-0 Nxc4 19. Ng3 Nd2 20. Bxb7 Rb8 21. f4 Re7 0-1

[Event "ISL-chT2 1617"]
[Site "Reykjavik"]
[Date "2016.09.30"]
[Round "1.4"]
[White "Fridgeirsson, Dagur Andri"]
[Black "Mai, Aron Thor"]
[Result "1-0"]
[WhiteElo "1867"]
[BlackElo "1845"]
[PlyCount "108"]
[EventDate "2016.09.30"]
[EventType "team-tourn"]
[EventRounds "7"]
[EventCountry "ISL"]
[SourceTitle "EXT 2018"]
[Source "ChessBase"]
[SourceDate "2017.10.13"]
[SourceVersion "1"]
[SourceVersionDate "2017.10.13"]
[SourceQuality "1"]
[WhiteTeam "Fjolnis II"]
[BlackTeam "Reykjavik III"]
[WhiteTeamCountry "ISL"]
[BlackTeamCountry "ISL"]

1. d4 Nf6 2. c4 g6 3. Nc3 Bg7 4. e4 d6 5. Be2 0-0 6. Bg5 Na6 7. Qc2 e5 8. d5 Qe8 9. Nf3 Nh5 10. Nd2 Nf4 11. Bxf4 exf4 12. 0-0 Nc5 13. Bf3 a5 14. Nb3 Nd7 15. Nb5 Qd8 16. c5 a4 17. N3d4 Nxc5 18. b4 axb3 19. axb3 Rxa1 20. Rxa1 Bd7 21. Rd1 Be5 22. Qc4 c6 23. Nc3 b5 24. Qb4 Na6 25. Qa3 Qb6 26. Nce2 c5 27. Nc2 b4 28. Qc1 g5 29. g3 g4 30. gxf4 gxf3 31. fxe5 fxe2 32. Qg5+ Kh8 33. Qf6+ Kg8 34. Rd3 Bg4 35. Rg3 h5 36. h3 Qd8 37. Qh6 Qa5 38. Qxh5 Qa1+ 39. Kh2 f5 40. Nxa1 e1Q 41. Qg5+ Kf7 42. Qf6+ Ke8 43. Qe6+ Kd8 44. Qxd6+ Ke8 45. e6 Nb8 46. Qxb8+ Ke7 47. Qc7+ Kf6 48. Qxc5 Rh8 49. Qd4+ Ke7 50. d6+ Kxe6 51. exf5+ Kxf5 52. Qxg4+ Kf6 53. Qg7+ Kf5 54. Qg5+ Ke6 1-0

[Event "Sweden-Iceland m U20"]
[Site "Uppsala"]
[Date "2015.10.03"]
[Round "1.5"]
[White "Bannout, Edvin"]
[Black "Fridgeirsson, Dagur Andri"]
[Result "1/2-1/2"]
[WhiteElo "1787"]
[BlackElo "1845"]
[PlyCount "156"]
[EventDate "2015.10.03"]
[EventType "match"]
[EventRounds "4"]
[EventCountry "SWE"]
[SourceTitle "CBM 169 Extra"]
[Source "ChessBase"]
[SourceDate "2015.12.18"]
[SourceVersion "1"]
[SourceVersionDate "2015.12.18"]
[SourceQuality "1"]

1. e4 c5 2. Nf3 Nc6 3. c3 d5 4. exd5 Qxd5 5. d4 Nf6 6. Be3 cxd4 7. cxd4 g6 8. Nc3 Qa5 9. Bc4 Bg7 10. 0-0 0-0 11. d5 Nb4 12. a3 Na6 13. b4 Qd8 14. h3 Bf5 15. Rc1 Nc7 16. Qb3 Nce8 17. Nd4 Nd6 18. Nxf5 Nxf5 19. Bg5 h6 20. Bf4 Nd4 21. Qd1 Ne8 22. Re1 Nd6 23. Ba2 a5 24. Be5 Bxe5 25. Rxe5 N6b5 26. Qd3 Nxc3 27. Rxc3 axb4 28. axb4 Rxa2 29. Qxd4 Ra1+ 30. Kh2 Qd6 31. g3 Rb1 32. Re4 Rd8 33. Qe5 Qxd5 34. Qxd5 Rxd5 35. Rc8+ Kg7 36. Rc7 Rf5 37. f4 Rb2+ 38. Kg1 Rd5 39. Kf1 Rd1+ 40. Re1 Rxe1+ 41. Kxe1 Rxb4 42. Rxe7 Rb2 43. Kd1 Kf6 44. Re3 h5 45. h4 Kf5 46. Ke1 f6 47. Kf1 b5 48. Ke1 Kg4 49. Re6 Kf5 50. Re3 b4 51. Kd1 Ra2 52. Rd3 Ra5 53. Kc2 Rb5 54. Rd4 Rb6 55. Kb3 Kg4 56. Rd3 Kh3 57. Re3 f5 58. Rd3 Kg2 59. Re3 Kf2 60. Rd3 Re6 61. Kxb4 Re3 62. Rd2+ Ke1 63. Rh2 Rxg3 64. Kc4 Rf3 65. Kd4 Rxf4+ 66. Ke3 Re4+ 67. Kf3 Rg4 68. Ke3 Kf1 69. Kf3 Kg1 70. Rc2 Kh1 71. Re2 g5 72. hxg5 Rxg5 73. Kf4 Rg2 74. Re1+ Kh2 75. Kxf5 h4 76. Kf4 Rf2+ 77. Kg4 h3 78. Re3 Rg2+ 1/2-1/2

[Event "Sweden-Iceland m U20"]
[Site "Uppsala"]
[Date "2015.10.03"]
[Round "2.5"]
[White "Fridgeirsson, Dagur Andri"]
[Black "Eidenert, Carl"]
[Result "1-0"]
[WhiteElo "1845"]
[BlackElo "1998"]
[PlyCount "93"]
[EventDate "2015.10.03"]
[EventType "match"]
[EventRounds "4"]
[EventCountry "SWE"]
[SourceTitle "CBM 169 Extra"]
[Source "ChessBase"]
[SourceDate "2015.12.18"]
[SourceVersion "1"]
[SourceVersionDate "2015.12.18"]
[SourceQuality "1"]

1. d4 Nf6 2. c4 e6 3. Nf3 b6 4. Nc3 Bb4 5. Qc2 c5 6. d5 exd5 7. cxd5 Ba6 8. Bg5 h6 9. Bh4 d6 10. Nd2 Qe7 11. e4 Bxf1 12. Kxf1 Nbd7 13. Nb5 0-0 14. Nc4 Qxe4 15. Qxe4 Nxe4 16. Rd1 Ne5 17. Nbxd6 Nxc4 18. Nxc4 b5 19. f3 bxc4 20. fxe4 Rfe8 21. d6 Rxe4 22. d7 Rxh4 23. d8Q+ Rxd8 24. Rxd8+ Kh7 25. g3 Rd4 26. Rxd4 cxd4 27. Ke2 f5 28. Rf1 Kg6 29. Rc1 c3 30. bxc3 Bxc3 31. Rb1 a5 32. a4 Kf6 33. Kd3 g5 34. Rb6+ Kg7 35. Rc6 h5 36. Rd6 h4 37. gxh4 gxh4 38. h3 Kf7 39. Ke2 Ke7 40. Rh6 Kd7 41. Rxh4 Kd6 42. Kd3 Ke5 43. Rh8 Kf4 44. Rg8 Kf3 45. h4 f4 46. h5 Kf2 47. h6 1-0

[Event "Reykjavik op"]
[Site "Reykjavik"]
[Date "2014.03.10"]
[Round "8"]
[White "Fridgeirsson, Dagur Andri"]
[Black "Christiansen, Johan Sebastian"]
[Result "0-1"]
[WhiteElo "1803"]
[BlackElo "2209"]
[PlyCount "104"]
[EventDate "2014.03.04"]
[EventType "swiss"]
[EventRounds "10"]
[EventCountry "ISL"]
[SourceTitle "CBM 159 Extra"]
[Source "ChessBase"]
[SourceDate "2014.04.24"]
[SourceVersion "1"]
[SourceVersionDate "2014.04.24"]
[SourceQuality "1"]

1. d4 Nf6 2. c4 c5 3. d5 b5 4. cxb5 a6 5. bxa6 g6 6. Nc3 Bg7 7. e4 0-0 8. e5 Ne8 9. Nf3 d6 10. Bf4 Bg4 11. exd6 Nxd6 12. h3 Qb6 13. Qb3 Qxb3 14. axb3 Bxf3 15. gxf3 Nf5 16. a7 Nd7 17. Bb5 Nb6 18. Bc6 Rac8 19. Bb7 Rce8 20. Bb8 Rxb8 21. axb8Q Rxb8 22. Bc6 Nd4 23. Ra7 Nc8 24. Rd7 Nd6 25. 0-0 Nxf3+ 26. Kh1 Bf6 27. Ba4 Nd2 28. Re1 Nxb3 29. Rc7 Nd4 30. Rxc5 Rxb2 31. Nd1 Ra2 32. Bd7 Ra7 33. Bc8 Nf3 34. Rf1 Ne4 35. Rc2 Nd4 36. Rc1 Ra2 37. Bg4 h5 38. Bd7 Nd2 39. Re1 Ra3 40. Rc8+ Kg7 41. Ne3 Ne4 42. Kg2 Nxf2 43. Nc2 Nxc2 44. Rxc2 Nd3 45. Re4 Be5 46. Rd2 Nf4+ 47. Kf2 Bd6 48. h4 Bc5+ 49. Ke1 Ra1+ 50. Rd1 Nd3+ 51. Ke2 Rxd1 52. Rc4 Ne5 0-1

[Event "ISL-chT 1314"]
[Site "Reykjavik"]
[Date "2014.03.01"]
[Round "8.4"]
[White "Fridgeirsson, Dagur Andri"]
[Black "Einarsson, Jon Birgir"]
[Result "1-0"]
[WhiteElo "1798"]
[BlackElo "1746"]
[PlyCount "81"]
[EventDate "2013.10.10"]
[EventType "team-tourn"]
[EventRounds "9"]
[EventCountry "ISL"]
[SourceTitle "EXT 2015"]
[Source "ChessBase"]
[SourceDate "2014.11.20"]
[SourceVersion "1"]
[SourceVersionDate "2014.11.20"]
[SourceQuality "1"]
[WhiteTeam "Fjolnis"]
[BlackTeam "Vinaskakfelagid"]
[WhiteTeamCountry "ISL"]
[BlackTeamCountry "ISL"]

1. d4 Nf6 2. c4 e6 3. Nf3 b6 4. Bg5 Be7 5. Nc3 Bb7 6. Qc2 d5 7. e3 Ne4 8. Bf4 Bb4 9. cxd5 Bxc3+ 10. bxc3 exd5 11. Ne5 0-0 12. f3 Nf6 13. Bd3 Nbd7 14. Bf5 Bc8 15. Nc6 Qe8 16. Kf2 Nc5 17. Bxc8 Rxc8 18. Nxa7 Ra8 19. dxc5 Rxa7 20. cxb6 cxb6 21. Bd6 Qd8 22. Bxf8 Kxf8 23. Rhd1 Qc7 24. g3 Ra3 25. Rd3 Qe5 26. Qb2 Ra8 27. Qxb6 Rb8 28. Qc5+ Kg8 29. Rad1 Qf5 30. Kg2 h5 31. Qd4 Rb2+ 32. R3d2 Rb8 33. a4 Rc8 34. a5 Rc4 35. Qd3 Qg5 36. Rb1 g6 37. Rb4 h4 38. Rxc4 dxc4 39. Qd8+ Kg7 40. Rd6 h3+ 41. Kf1 1-0

[Event "ISL-ch op"]
[Site "Reykjavik"]
[Date "2013.06.01"]
[Round "3"]
[White "Steingrimsson, Hedinn"]
[Black "Fridgeirsson, Dagur Andri"]
[Result "1-0"]
[WhiteElo "2558"]
[BlackElo "1782"]
[PlyCount "67"]
[EventDate "2013.05.31"]
[EventType "swiss"]
[EventRounds "10"]
[EventCountry "ISL"]
[SourceTitle "CBM 154 Extra"]
[Source "ChessBase"]
[SourceDate "2013.06.25"]
[SourceVersion "2"]
[SourceVersionDate "2013.06.25"]
[SourceQuality "1"]

1. e4 c5 2. Nf3 Nc6 3. Bb5 e6 4. 0-0 Nge7 5. Re1 a6 6. Bf1 d5 7. exd5 Nxd5 8. d4 cxd4 9. Nxd4 Be7 10. Nxc6 bxc6 11. c4 Nf6 12. Qxd8+ Bxd8 13. g3 Ba5 14. Bg2 Bb7 15. Bd2 Bxd2 16. Nxd2 Kd7 17. b4 Kc7 18. Nb3 Rab8 19. Rad1 Rhd8 20. Kf1 Ng8 21. f4 g6 22. Ke2 h5 23. Be4 Nf6 24. Bf3 Nd7 25. a3 Nb6 26. Rc1 Na4 27. Na5 Ba8 28. c5 Rd7 29. Red1 Rbd8 30. Rxd7+ Rxd7 31. Rc2 Rd8 32. Be4 Rd5 33. Bd3 e5 34. Bc4 1-0

[Event "EU-ch U14 19th"]
[Site "Fermo"]
[Date "2009.09.03"]
[Round "4"]
[White "Fridgeirsson, Dagur Andri"]
[Black "McClement, Andrew"]
[Result "0-1"]
[WhiteElo "1775"]
[BlackElo "1893"]
[PlyCount "84"]
[EventDate "2009.08.31"]
[EventType "swiss"]
[EventRounds "9"]
[EventCountry "ITA"]
[SourceTitle "CBM 132 Extra"]
[Source "ChessBase"]
[SourceDate "2009.11.03"]
[SourceVersion "1"]
[SourceVersionDate "2009.11.03"]
[SourceQuality "1"]

1. d4 Nf6 2. c4 e6 3. Nf3 b6 4. Bf4 Bb7 5. e3 Be7 6. h3 0-0 7. Nc3 d5 8. cxd5 exd5 9. Be2 c5 10. dxc5 bxc5 11. 0-0 Nc6 12. Ne5 Qb6 13. Bf3 Rfd8 14. Bxd5 Nxe5 15. Bxe5 Nxd5 16. Qg4 Qg6 17. Qxg6 hxg6 18. Rac1 Nb4 19. Bh2 Ba6 20. Rfd1 Rxd1+ 21. Rxd1 Rd8 22. Rxd8+ Bxd8 23. a3 Nd3 24. Bb8 Bb6 25. b3 Nc1 26. b4 cxb4 27. axb4 Ne2+ 28. Nxe2 Bxe2 29. Kh2 Kf8 30. Kg3 Ke7 31. Kf4 Kd7 32. Ke4 Bf1 33. Kf3 a6 34. h4 Bc7 35. Ba7 Bd6 36. Bd4 f6 37. Bc3 Kc6 38. g4 Kb5 39. g5 Bxb4 40. Bd4 Be7 41. Ke4 Kc4 42. f4 Bg2# 0-1

[Event "EU-ch U14 19th"]
[Site "Fermo"]
[Date "2009.09.02"]
[Round "3"]
[White "Meng, Roger"]
[Black "Fridgeirsson, Dagur Andri"]
[Result "1-0"]
[WhiteElo "1945"]
[BlackElo "1775"]
[PlyCount "45"]
[EventDate "2009.08.31"]
[EventType "swiss"]
[EventRounds "9"]
[EventCountry "ITA"]
[SourceTitle "CBM 132 Extra"]
[Source "ChessBase"]
[SourceDate "2009.11.03"]
[SourceVersion "1"]
[SourceVersionDate "2009.11.03"]
[SourceQuality "1"]

1. e4 c5 2. Nf3 Nc6 3. d4 cxd4 4. Nxd4 Qb6 5. Nb3 Nf6 6. Nc3 e6 7. Qe2 d6 8. Be3 Qc7 9. 0-0-0 a6 10. g4 h6 11. h4 g6 12. f4 b5 13. Bg2 Nd7 14. h5 gxh5 15. Rxh5 Nb6 16. e5 d5 17. Bxb6 Qxb6 18. Bxd5 exd5 19. Nxd5 Qa7 20. Nf6+ Ke7 21. Qe4 Nd8 22. Qb4+ Ke6 23. Rd6+ 1-0

[Event "Reykjavik op"]
[Site "Reykjavik"]
[Date "2009.03.28"]
[Round "5"]
[White "Fridgeirsson, Dagur Andri"]
[Black "Naslund, Mikael"]
[Result "1-0"]
[WhiteElo "1787"]
[BlackElo "2195"]
[PlyCount "75"]
[EventDate "2009.03.24"]
[EventType "swiss"]
[EventRounds "9"]
[EventCountry "ISL"]
[SourceTitle "CBM 129 Extra"]
[Source "ChessBase"]
[SourceDate "2009.05.05"]
[SourceVersion "2"]
[SourceVersionDate "2009.05.20"]
[SourceQuality "1"]

1. d4 Nf6 2. c4 g6 3. Nc3 d5 4. Bf4 Bg7 5. Rc1 0-0 6. Nf3 dxc4 7. e4 Bg4 8. Bxc4 Bxf3 9. gxf3 Nh5 10. Be3 e6 11. d5 exd5 12. Qxd5 Nc6 13. Qxd8 Raxd8 14. Nd5 Nd4 15. Bxd4 Bxd4 16. 0-0 c6 17. Ne3 Bxb2 18. Rb1 Rd2 19. Nd1 Bd4 20. Rxb7 Bb6 21. Ne3 Nf4 22. Ng4 Kg7 23. e5 h5 24. Ne3 Bxe3 25. fxe3 Nh3+ 26. Kh1 Nf2+ 27. Kg1 Nh3+ 28. Kh1 Nf2+ 29. Kg1 Nd1 30. Re1 Nb2 31. Rc1 Nxc4 32. Rxc4 Re8 33. Rf4 Rxa2 34. Rfxf7+ Kh8 35. e6 c5 36. Rh7+ Kg8 37. Rbg7+ Kf8 38. e7+ 1-0

[Event "Reykjavik Meistaramot Hellis op"]
[Site "Reykjavik"]
[Date "2009.02.06"]
[Round "3"]
[White "Fridgeirsson, Dagur Andri"]
[Black "Kristinardottir, Elsa Maria"]
[Result "0-1"]
[WhiteElo "1788"]
[BlackElo "1769"]
[PlyCount "148"]
[EventDate "2009.02.02"]
[EventType "swiss"]
[EventRounds "7"]
[EventCountry "ISL"]
[SourceTitle "EXT 2010"]
[Source "ChessBase"]
[SourceDate "2010.11.25"]
[SourceVersion "1"]
[SourceVersionDate "2010.11.25"]
[SourceQuality "1"]

1. d4 d5 2. c4 c6 3. Nc3 Nf6 4. Bg5 e6 5. e3 Nbd7 6. cxd5 exd5 7. Bd3 Be7 8. Nf3 0-0 9. Rc1 Re8 10. 0-0 Nf8 11. Qc2 Bg4 12. Ne5 Bh5 13. Rfe1 Ng6 14. Nxg6 Bxg6 15. Bxg6 hxg6 16. h3 Ne4 17. Bxe7 Qxe7 18. Nxe4 Qxe4 19. Qxe4 Rxe4 20. f3 Re7 21. Kf2 Rae8 22. b4 f5 23. a4 Kf7 24. b5 Rc7 25. bxc6 Rxc6 26. Rxc6 bxc6 27. Rc1 Rc8 28. g4 Ke6 29. Ke2 Kd6 30. Kd3 Rh8 31. Rh1 fxg4 32. fxg4 Rb8 33. Ra1 Rb3+ 34. Ke2 Rb2+ 35. Kf3 Kc7 36. Kf4 Rh2 37. Kg3 Rb2 38. Kf4 Rb3 39. h4 Kd6 40. Kf3 Rb8 41. Rc1 Rb4 42. Ra1 c5 43. dxc5+ Kxc5 44. Rc1+ Kb6 45. Rd1 Kc6 46. Ra1 d4 47. exd4 Rxd4 48. Re1 Kd6 49. Ra1 Ke5 50. Re1+ Kf6 51. Ra1 Rd3+ 52. Kg2 Ke5 53. Rf1 Ra3 54. Rf7 Rxa4 55. Rxg7 Kf6 56. Rg8 Rxg4+ 57. Kh3 Ra4 58. Re8 a5 59. Re1 Ra2 60. Kg3 a4 61. Kf4 a3 62. Kg4 Rb2 63. Ra1 a2 64. Kf3 Kf5 65. Kg3 Rb3+ 66. Kf2 Ra3 67. Kg2 Kg4 68. Kh2 Kxh4 69. Kg2 g5 70. Kh2 Kg4 71. Kg2 Kf4 72. Kf2 Ke4 73. Ke2 Rh3 74. Ke1 Rh1+ 0-1

[Event "Reykjavik-ch"]
[Site "Reykjavik"]
[Date "2009.01.28"]
[Round "8"]
[White "Lee, Gudmundur Kristinn"]
[Black "Fridgeirsson, Dagur Andri"]
[Result "0-1"]
[WhiteElo "1499"]
[BlackElo "1787"]
[PlyCount "80"]
[EventDate "2009.01.11"]
[EventType "swiss"]
[EventRounds "9"]
[EventCountry "ISL"]
[SourceTitle "EXT 2010"]
[Source "ChessBase"]
[SourceDate "2010.11.25"]
[SourceVersion "1"]
[SourceVersionDate "2010.11.25"]
[SourceQuality "1"]

1. e4 c5 2. Nf3 Nc6 3. d4 cxd4 4. Nxd4 Qb6 5. Nxc6 bxc6 6. Nc3 e5 7. Bc4 Nf6 8. 0-0 Bb4 9. Be3 Qc7 10. f3 0-0 11. Ne2 Bb7 12. c3 Be7 13. Ng3 d5 14. exd5 cxd5 15. Bb3 Rad8 16. Bxa7 Ba6 17. Bf2 Bxf1 18. Qxf1 e4 19. fxe4 Nxe4 20. Nxe4 dxe4 21. Qb5 Rd2 22. Bd4 Qf4 23. Rf1 Qg5 24. Qxg5 Bxg5 25. Rf2 e3 26. Rxd2 exd2 27. Kf1 Re8 28. Bf2 Be3 29. Bg3 g5 30. Ke2 h5 31. Kd1 Kf8 32. Ba4 Ra8 33. Bb3 h4 34. Bd6+ Kg7 35. Be5+ f6 36. Bc7 Re8 37. h3 g4 38. hxg4 Bg5 39. Kc2 Re1 40. Kd3 d1Q+ 0-1

[Event "Reykjavik TR-chD"]
[Site "Reykjavik"]
[Date "2008.11.12"]
[Round "8"]
[White "Fridgeirsson, Dagur Andri"]
[Black "Finnbogadottir, Tinna Kristin"]
[Result "1-0"]
[WhiteElo "1795"]
[BlackElo "1654"]
[PlyCount "109"]
[EventDate "2008.10.26"]
[EventType "tourn"]
[EventRounds "9"]
[EventCountry "ISL"]
[SourceTitle "EXT 2010"]
[Source "ChessBase"]
[SourceDate "2010.11.25"]
[SourceVersion "1"]
[SourceVersionDate "2010.11.25"]
[SourceQuality "1"]

1. d4 d5 2. c4 c6 3. cxd5 cxd5 4. Nc3 Bf5 5. Bf4 e6 6. e3 a6 7. Nf3 Nc6 8. Rc1 Bd6 9. Be2 Bxf4 10. exf4 Nge7 11. Ne5 0-0 12. 0-0 f6 13. Nf3 Bg4 14. h3 Bxf3 15. Bxf3 Qb6 16. Na4 Qxd4 17. Nc5 Qxd1 18. Rfxd1 Nd8 19. Rc3 Rc8 20. Re1 Kf7 21. Bg4 f5 22. Bh5+ g6 23. Bf3 a5 24. Rcc1 b6 25. Nd7 Rh8 26. Nxb6 Rb8 27. Na4 Rb4 28. b3 Rxf4 29. Rc7 Kf6 30. Nc5 Rd4 31. Ra7 Nec6 32. Ra6 Re8 33. Be2 Re7 34. Bb5 Ne5 35. Rxa5 Rc7 36. Bf1 g5 37. Rc1 Rc6 38. Ra8 Ke7 39. Ra7+ Kd6 40. Ra6 Rxa6 41. Nxa6 Ndc6 42. a3 Nd3 43. Bxd3 Rxd3 44. Rxc6+ Kxc6 45. Nb4+ Kd6 46. Nxd3 e5 47. Kf1 e4 48. Nc1 h5 49. Ke2 d4 50. a4 h4 51. b4 f4 52. f3 d3+ 53. Nxd3 exd3+ 54. Kxd3 Kd5 55. a5 1-0

[Event "Reykjavik TR-chD"]
[Site "Reykjavik"]
[Date "2008.11.09"]
[Round "7"]
[White "Hauksson, Hordur Aron"]
[Black "Fridgeirsson, Dagur Andri"]
[Result "1-0"]
[WhiteElo "1725"]
[BlackElo "1795"]
[PlyCount "59"]
[EventDate "2008.10.26"]
[EventType "tourn"]
[EventRounds "9"]
[EventCountry "ISL"]
[SourceTitle "EXT 2010"]
[Source "ChessBase"]
[SourceDate "2010.11.25"]
[SourceVersion "1"]
[SourceVersionDate "2010.11.25"]
[SourceQuality "1"]

1. d4 d5 2. c4 c6 3. Nc3 Nf6 4. Bg5 e6 5. e3 Nbd7 6. Nf3 Be7 7. Qc2 0-0 8. Rd1 Re8 9. Bd3 dxc4 10. Bxc4 b5 11. Bd3 Bb7 12. a3 h6 13. Bh4 Nd5 14. Bg3 a5 15. Ne4 Qb6 16. Ne5 Nxe5 17. Bxe5 b4 18. Nc5 Bg5 19. 0-0 f6 20. Bg3 Bxe3 21. fxe3 Nxe3 22. Qe2 Nxd1 23. Rxd1 Bc8 24. Qh5 Rf8 25. Qg6 f5 26. Be5 Ra7 27. Bc4 Rc7 28. Nxe6 Ba6 29. Ng5+ Bxc4 30. Qh7# 1-0

[Event "ISL-chB"]
[Site "Reykjavik"]
[Date "2008.09.01"]
[Round "6"]
[White "Thorsteinsdottir, Hallgerdur"]
[Black "Fridgeirsson, Dagur Andri"]
[Result "1-0"]
[WhiteElo "1907"]
[BlackElo "1812"]
[PlyCount "85"]
[EventDate "2008.08.27"]
[EventType "swiss"]
[EventRounds "9"]
[EventCountry "ISL"]
[SourceTitle "EXT 2010"]
[Source "ChessBase"]
[SourceDate "2010.11.25"]
[SourceVersion "1"]
[SourceVersionDate "2010.11.25"]
[SourceQuality "1"]

1. e4 c5 2. Nf3 Nc6 3. c3 e6 4. d4 cxd4 5. cxd4 d5 6. e5 Bb4+ 7. Nc3 Nge7 8. Bd3 Bxc3+ 9. bxc3 a6 10. a4 Qc7 11. Ba3 Na5 12. Qc2 Nc4 13. Bxe7 Qxe7 14. Bxc4 dxc4 15. Qe2 Qc7 16. Nd2 Qc6 17. 0-0 b5 18. axb5 axb5 19. Ne4 Bb7 20. Nd6+ Ke7 21. f3 Ra6 22. Qb2 Rb6 23. Rfb1 Ba6 24. Qb4 Kd7 25. Nxc4 Rbb8 26. Qd6+ Qxd6 27. Nxd6 Rb6 28. Nxf7 Rc8 29. Rb3 Rbc6 30. Nd6 R8c7 31. Kf2 g6 32. Ne4 Ke7 33. Nc5 Bc8 34. Rxb5 Bd7 35. Rba5 Rb6 36. Ra7 Rbc6 37. Rxc7 Rxc7 38. Nxd7 Kxd7 39. Rc1 Rc4 40. Ke3 Kc6 41. Kd3 Kd5 42. Ra1 Rc7 43. Ra5+ 1-0